000 01991nam0a2200325 4500
001 RU\NLR\bibl\867020
005 20260407143730.0
010 _a5-246-00856-8
021 _aRU
_b2005-38860
_91930
035 _a(NLR Aleph) 000855662
090 _a1507913
_c1507913
100 _a20051107d2005 |||y0rusy50 ca
101 0 _arus
102 _aRU
105 _aa |||||||||
200 1 _aБизнес-Карта-2005. [Промышленность. Регион. Деловые справочники]. Т. 16
_iПромышленность. Центральный федеральный округ, административно-управленческие структуры, социально-экономическое положение. Московская область. Россия
_fАгентство деловой информ. [Бизнес-карта]
205 _a14-е изд.
210 _aМосква
_cАгентство деловой информации "Бизнес-карта"
_d2005
215 _a576,[1] с.
_cил., карт.
_d21
300 _aНа обл. только частн. загл. тома в сокр. виде
320 _aАлфавитные указатели: по видам продукции и услуг, по видам сырья и материалов, использ. предприятиями, предприятий: с. 8-112
512 0 _aПромышленность. Центральный федеральный округ. Московская область. Россия
606 1 _aПромышленность
_jБизнес-карты
_yМосковская область
_91208261
_3RU\NLR\auth\66171641
686 _aУ30(2Р-4Мо)я2
712 0 2 _4570
_a"Бизнес-карта", агентство деловой информации
_cМосква
_3RU\NLR\AUTH\8810016251
_9530346
801 0 _aRU
_bNLR
_c20051107
_grcr
801 1 _aRU
_bNLR
_c20051107
942 _cBOOK
980 _aNB